| 000 | 00610 a2200145 4500 | ||
|---|---|---|---|
| 082 | _aMSIT-9 | ||
| 100 |
_aSadaf Akram _9103809 |
||
| 245 |
_aEffective architecture for positive security enabled SWAF [Project MSIT-9] _cSadaf Akram |
||
| 260 |
_aIslamabad _bNUST School of Electrical Engineering and Computer Science _c2011. |
||
| 300 |
_aix, 45p. _b;ill. _c;27 cm. + _eCD-ROM |
||
| 500 | _aSupervisors: Dr. Hafiz Farooq Ahmad, Dr. Khalid Latif, Dr. Fauzan Mirza, Ms. Sana Khalique | ||
| 700 |
_aSadaf Akram _9103809 |
||
| 856 | _uhttp://10.250.8.41:8080/xmlui/handle/123456789/31485 | ||
| 942 |
_cPR _kMSIT-9 SAD _2ddc |
||
| 999 |
_c10565 _d10565 |
||